Normal view MARC view
  • Biederman, Patricia Ward.

Entry Personal Name

Number of records used in: 2

001 - CONTROL NUMBER

  • control field: 6281

003 - CONTROL NUMBER IDENTIFIER

  • control field: OSt

005 - DATE AND TIME OF LATEST TRANSACTION

  • control field: 20170519085719.0

008 - FIXED-LENGTH DATA ELEMENTS

  • fixed length control field: 170519|| aca||aabn | a|a d

040 ## - CATALOGING SOURCE

  • Original cataloging agency: OSt
  • Transcribing agency: OSt

100 ## - HEADING--PERSONAL NAME

  • Personal name: Biederman, Patricia Ward.

670 ## - SOURCE DATA FOUND

  • Source citation: Work cat.: (OSt): Bennis, Warren G. 6279, Still surprised, c2010.
Pusat Sumber Maklumat Dato' Haji Sarmin Md Hussin, Akademi Kastam Diraja Malaysia, Melaka
Tel: 06-2331106 | Faks: 06-2313787